| 000 | 00859nam a2200253Ia 4500 | ||
|---|---|---|---|
| 003 | OSt | ||
| 005 | 20220916110902.0 | ||
| 006 | a|||||r|||| 00| 0 | ||
| 007 | ta | ||
| 008 | 220915b |||||||| |||| 00| 0 hin d | ||
| 024 | _a269264 | ||
| 037 | _cTextbook | ||
| 040 |
_bhin _aARTS _cARTS |
||
| 041 | _ahin | ||
| 082 | _aO15:gx1,1,3, 152K0 | ||
| 100 | _aनग्रेन्द्र, सम्प | ||
| 245 | 0 | _aअभिनवभारती | |
| 246 | _aAbhinavabhāratī | ||
| 260 |
_aदिल्ली _bहिन्दी विभाग दिल्ली विश्वविधालय भारत _c1960 |
||
| 300 |
_a649पण् _ccm. |
||
| 650 | _aहिन्दी साहित्य | ||
| 942 |
_hO15:gx1,1,3, 152K0 _cTB _2CC |
||
| 999 |
_c100358 _d100358 |
||